000 00417nam a2200181Ia 4500
001 4097
005 20260306145730.0
008 260306t2004||||xx |||||||||||||| ||spa||
041 _aESP
082 _a306.85
_bH12 Nº 69
100 _aJiménez, Antonio
_eAUT
245 0 _aEnseñar a pensar
260 _c2004
300 _a250 páginas :
_c19 cm.
650 _aGEN
654 _aCED
942 _cLIB
_dJUS
_fJUS
_2ddc
_n
999 _c4097
_d4097